000 00360nam a2200145Ia 4500
008 191201s2006 xx 000 0 und d
082 _a331.1
_bMIC
100 _aMISHRA,L
245 0 _aCase Laws on Industrial Relations Issues and Implications
250 _a1st
260 _aN. Delhi
_bExcel Books
_c2006
300 _a418
650 _aMBA
942 _2ddc
_cBK
999 _c4752
_d4752